00784nam a2200241Ia 4500003000400000005001700004008004100021040000700062041000800069082001900077100004500096245003500141260005400176300001000230365001300240440000800253650003700261650003000298906003500328942001200363999001900375952014800394OSt20230522154615.0210423s2002 xx 000 0 und d cAL aeng a323 223bIIHR aINDIAN INSTITUTE OF HUMAN RIGHTS9110658 aState of human rights in india aNew DelhibIndian Institute of Human Rightsc2002 a1,100 b250cINR v3.3 aCivil & Political Rights9110659 aPolitical Science9110660 ahuman ; india ; rights ; State 2ddccBK c172748d172748 001040708MSWaSACPGbSACPGd2002-04-11eIndian Institute of Human Rightsg250.00l0o323 IIHRpPG019303r2022-08-24 00:00:00w2021-04-26yBK